|
|
|
|
| LEADER |
00000nab a2200000 a 4500 |
| 001 |
vtls000932897 |
| 003 |
SK-MaSNL |
| 005 |
20260304171509.0 |
| 008 |
140303e20040000xo 0 slo |
| 035 |
|
|
|a KE41774
|
| 040 |
|
|
|a KEVKJB
|b slo
|c KEVKJB
|e AACR2
|
| 041 |
0 |
|
|a slo
|
| 044 |
|
|
|a xo
|c SK
|
| 080 |
|
|
|a 614.2
|2 1981
|
| 100 |
0 |
|
|a (jps)
|4 aut
|9 839585
|
| 245 |
1 |
0 |
|a Reorganizácia košických zdravotníckych zariadení finišuje
|b Zámerom zmien je úspora nákladov a skvalitnenie poskytovanej zdravotnej starostlivosti
|
| 650 |
0 |
7 |
|a zdravotníctvo
|2 KEVKJB
|9 1269
|
| 650 |
0 |
7 |
|a zdravotnícke zariadenia
|2 KEVKJB
|9 3009
|
| 650 |
0 |
7 |
|a reorganizácia
|2 KEVKJB
|9 480041
|
| 650 |
0 |
7 |
|a riport
|2 KEVKJB
|9 881108
|
| 651 |
|
7 |
|a Košice (Slovensko)
|2 KEVKJB
|9 18694
|
| 773 |
0 |
8 |
|t Zdravotnícke noviny
|g Roč. 9, č.9 (2004), s. 5
|
| 852 |
|
|
|a ZVYKNI
|b KIS3GCP
|
| 999 |
|
|
|c 2993862
|d 2995792
|